[Event "Yinzhou Cup CHN-USA"]
[Site "Ningbo CHN"]
[Date "2013.07.19"]
[Round "1.1"]
[White "Ju, Wenjun"]
[Black "Abrahamyan, Tatev"]
[Result "1/2-1/2"]
[WhiteTitle "WGM"]
[BlackTitle "WGM"]
[WhiteElo "2531"]
[BlackElo "2316"]
[WhiteTeam "CHN"]
[BlackTeam "USA"]
[WhiteFideId "8603006"]
[BlackFideId "13301918"]
[EventDate "2013.07.19"]

1. d4 Nf6 2. c4 e6 3. Nc3 Bb4 4. e3 O-O 5. Ne2 d5 6. a3 Be7 7. Nf4 c6 8. cxd5
exd5 9. Bd3 Na6 10. O-O Nc7 11. h3 Bd6 12. Bd2 Re8 13. Qc2 Ne6 14. Nxe6 Bxe6 15.
f4 Bd7 16. Rae1 Rc8 17. b4 b6 18. Re2 c5 19. Qb1 Bc6 20. Rd1 g6 21. dxc5 bxc5
22. Be1 Rb8 23. b5 d4 24. Qc1 Bd7 25. exd4 cxd4 26. Rxe8+ Qxe8 27. Bh4 dxc3 28.
Bxf6 Qe6 29. Bxc3 Rc8 30. Bf1 Bc5+ 31. Kh1 Be3 32. Qb2 Bxf4 33. Qb4 Be3 34. Ba1
Rc2 35. Re1 Qf5 36. Qe7 Bc5 37. Qd8+ Bf8 38. Bd4 Rc8 39. Qa5 Bc5 40. Bxc5 Qxc5
41. a4 Be6 42. Qd2 Qc2 43. Qxc2 Rxc2 44. Ra1 Bc4 45. Bxc4 Rxc4 46. a5 Kf8 47.
Rb1 Ke7 48. b6 axb6 49. axb6 Rc8 50. Kh2 Rb8 51. Kg3 Kd7 52. Kf4 f6 53. Ke4 Kc6
54. Rc1+ Kd6 55. Rb1 Rb7 56. h4 Kc6 57. Rb2 Kc5 58. Rb1 h5 59. Rb3 Kc6 60. Rg3
Rg7 61. Rb3 Re7+ 62. Kf4 Kb7 63. Rg3 Rg7 64. Re3 g5+ 65. hxg5 Rxg5 66. g3 Rg4+
67. Kf3 f5 68. Re5 h4 69. gxh4 Rxh4 70. Rxf5 Kxb6 71. Rf6+ Kc5 72. Rf5+ Kd6 1/2-1/2

[Event "Yinzhou Cup CHN-USA"]
[Site "Ningbo CHN"]
[Date "2013.07.19"]
[Round "1.5"]
[White "Ni, Viktorija"]
[Black "Guo, Qi"]
[Result "0-1"]
[WhiteTitle "WIM"]
[BlackTitle "WGM"]
[WhiteElo "2173"]
[BlackElo "2446"]
[WhiteTeam "USA"]
[BlackTeam "CHN"]
[WhiteFideId "11602252"]
[BlackFideId "8604002"]
[EventDate "2013.07.19"]

1. d4 d5 2. c4 e6 3. Nc3 Bb4 4. a3 Bxc3+ 5. bxc3 Nf6 6. e3 c6 7. Bd3 O-O 8. Ne2
b6 9. a4 Ba6 10. cxd5 Bxd3 11. Qxd3 cxd5 12. Ba3 Re8 13. c4 Nc6 14. O-O Na5 15.
c5 Nc4 16. cxb6 axb6 17. Bb4 Qd7 18. Nc3 Rec8 19. Rfb1 Rc6 20. Nb5 h6 21. h3 Ne4
22. f3 Nf6 23. Be1 e5 24. dxe5 Nxe5 25. Qe2 Nc4 26. Bc3 Re8 27. Bd4 Qe7 28. Rb3
Nd7 29. Qf2 Nc5 30. Rc3 Ne6 31. Rac1 Qb4 32. Qc2 Nxd4 33. Nxd4 Rg6 34. Rb1 Qe7
35. Nf5 Qe6 36. e4 Ne5 37. Rd1 dxe4 38. fxe4 Ra8 39. Rd6 Qe8 40. Rd4 Kh7 41. Nd6
Qe6 42. Nf5 Qe8 43. Nd6 Qf8 44. Nf5 Qe8 45. Nd6 Qe7 46. Nf5 Qg5 47. Kh1 Qf4 48.
Ne7 Rg3 49. Nd5 Qf1+ 50. Kh2 Rxc3 51. Qxc3 b5 52. a5 Nc4 53. Nc7 Rxa5 54. Qf3
Qxf3 55. gxf3 Ne5 56. Kg3 Ra3 57. Nxb5 Rxf3+ 58. Kg2 Rb3 59. Nd6 Ng6 60. Nxf7
Nf4+ 61. Kf2 Nxh3+ 62. Kg2 Nf4+ 63. Kf2 Kg6 64. Ne5+ Kf6 65. Nf3 Rb2+ 66. Nd2
Ke5 67. Rd7 Ke6 68. Rd8 Ke7 69. Rd4 g5 70. Kf3 h5 71. e5 Ne6 72. Rd5 Rb4 73. Ne4
Rb3+ 74. Kf2 g4 75. Nf6 Nf4 76. Rd4 Rf3+ 77. Ke1 g3 78. Rxf4 g2 79. Rxf3 g1=Q+
80. Ke2 Ke6 81. Ne4 Kxe5 82. Nf2 Qg2 83. Rh3 Kf4 84. Rd3 Qc6 85. Nh3+ Kf5 86.
Nf2 h4 87. Rf3+ Kg5 88. Nh3+ Kg4 89. Nf2+ Kh5 90. Rf5+ Kg6 91. Rf3 Qc4+ 92. Ke3
Qc2 93. Rf4 h3 94. Kf3 h2 95. Rg4+ 0-1

[Event "Yinzhou Cup CHN-USA"]
[Site "Ningbo CHN"]
[Date "2013.07.20"]
[Round "2.4"]
[White "Xiu, Deshun"]
[Black "Lenderman, Aleksandr"]
[Result "0-1"]
[WhiteTitle "GM"]
[BlackTitle "GM"]
[WhiteElo "2556"]
[BlackElo "2548"]
[WhiteTeam "CHN"]
[BlackTeam "USA"]
[WhiteFideId "8603693"]
[BlackFideId "2021285"]
[EventDate "2013.07.19"]

1. d4 Nf6 2. c4 e6 3. Nf3 d5 4. Nc3 Bb4 5. Bg5 h6 6. Bxf6 Qxf6 7. e3 O-O 8. Rc1
dxc4 9. Bxc4 c5 10. O-O cxd4 11. exd4 Nc6 12. Bb5 Bxc3 13. bxc3 Bd7 14. Qe2 Rfd8
15. Qe4 Rac8 16. Bd3 g6 17. Qe3 Kg7 18. Nd2 Qe7 19. f4 Qd6 20. Nc4 Qc7 21. Ne5
Ne7 22. Ng4 Nd5 23. Qg3 Qd6 24. Bb1 Bb5 25. Ne5 Nxc3 26. Rxc3 Rxc3 27. Qxc3 Bxf1
28. Kxf1 Qxd4 29. Qxd4 Rxd4 30. Nd3 g5 31. g3 gxf4 32. gxf4 Rd5 33. Bc2 b5 34.
h3 a5 35. Kf2 b4 36. Ke3 Rh5 37. Nf2 Rc5 38. Bb3 Rc3+ 39. Nd3 Kg6 40. Ke4 Kf6
41. h4 Ke7 42. Kd4 Kf6 43. Ke4 Rc8 44. h5 Rc3 45. Kd4 Kf5 46. Ne5 Kxf4 47. Nxf7
Rc6 48. Ba4 e5+ 49. Kd5 Rf6 50. Nd6 Rf8 51. Bc2 Ra8 52. Kc5 Rd8 53. Kc6 a4 54.
Bxa4 e4 55. Kc5 e3 56. Bb5 Ra8 57. Nc4 e2 58. Nb2 Rxa2 59. Nd3+ Ke3 60. Kxb4 Ra1
61. Kc5 Rh1 62. Nf4 e1=Q 63. Ng2+ Kf2 64. Nxe1 Rxh5+ 0-1

[Event "Yinzhou Cup CHN-USA"]
[Site "Ningbo CHN"]
[Date "2013.07.20"]
[Round "2.1"]
[White "Tan, Zhongyi"]
[Black "Abrahamyan, Tatev"]
[Result "1/2-1/2"]
[WhiteTitle "WGM"]
[BlackTitle "WGM"]
[WhiteElo "2478"]
[BlackElo "2316"]
[WhiteTeam "CHN"]
[BlackTeam "USA"]
[WhiteFideId "8603642"]
[BlackFideId "13301918"]
[EventDate "2013.07.19"]

1. Nf3 c5 2. c4 Nc6 3. d4 cxd4 4. Nxd4 Nf6 5. g3 e5 6. Nb5 Bb4+ 7. N1c3 O-O 8.
a3 Bxc3+ 9. Nxc3 d6 10. Bg2 Be6 11. b3 h6 12. O-O Rc8 13. h3 Qd7 14. Kh2 Rfd8
15. e4 Na5 16. Re1 b5 17. Nxb5 Nxb3 18. Qxb3 Bxc4 19. Qf3 Bxb5 20. Bxh6 Nh7 21.
Be3 Rc3 22. h4 Nf8 23. Bh3 Qc7 24. Rec1 Bd7 25. Bg5 Rc8 26. Rxc3 Qxc3 27. Qd1
Qc2 28. Qxc2 Rxc2 29. Bg2 Ne6 30. Be3 Nc5 31. Rd1 Bc6 32. Rxd6 Bxe4 33. Rd8+ Kh7
34. Rc8 Bxg2 35. Kxg2 Nd3 36. Rxc2 Ne1+ 37. Kf1 Nxc2 38. Bc5 a6 39. Ke2 Na1 40.
Kd3 Nb3 41. Bb6 Kg6 42. Kc2 Nd4+ 43. Bxd4 exd4 44. Kd3 Kf5 45. Kxd4 Kg4 46. Ke4
f6 47. a4 a5 48. h5 Kxh5 49. Kf5 Kh6 50. g4 Kh7 51. Ke6 Kh6 52. f4 Kg6 53. Ke7
Kh6 54. Kf7 Kh7 55. Ke6 Kh6 56. Ke7 Kg6 57. Kd6 f5 58. g5 Kh5 59. Ke5 Kg4 60. g6
Kh5 61. Kxf5 Kh6 62. Ke4 1/2-1/2

[Event "Yinzhou Cup CHN-USA"]
[Site "Ningbo CHN"]
[Date "2013.07.20"]
[Round "2.2"]
[White "Foisor, Sabina-Francesca"]
[Black "Ju, Wenjun"]
[Result "1/2-1/2"]
[WhiteTitle "WGM"]
[BlackTitle "WGM"]
[WhiteElo "2281"]
[BlackElo "2531"]
[WhiteTeam "USA"]
[BlackTeam "CHN"]
[WhiteFideId "1212915"]
[BlackFideId "8603006"]
[EventDate "2013.07.19"]

1. d4 f5 2. g3 Nf6 3. Bg2 g6 4. c4 Bg7 5. Nh3 d6 6. d5 c6 7. Nc3 e5 8. dxe6 Bxe6
9. Qb3 Qe7 10. Ng5 Bc8 11. h4 Na6 12. O-O O-O 13. Bf4 Nc5 14. Qa3 Nh5 15. e3
Nxf4 16. exf4 h6 17. Nf3 Be6 18. Nd2 a5 19. Rad1 Qc7 20. Rfe1 Rfe8 21. Nb3 Bf8
22. Nxc5 dxc5 23. b3 Bf7 24. Qc1 Bg7 25. Qc2 h5 26. Bf3 Rxe1+ 27. Rxe1 Rd8 28.
Kg2 Rd6 29. a4 Qd8 30. Rd1 Rd4 31. Be2 Bf6 32. Rd3 Kg7 33. Bf1 Qe7 34. Re3 Qd8
35. Rd3 Be6 36. Be2 Kf7 37. Bf1 Bg7 38. Be2 Qf6 39. Re3 Rd6 40. Bf1 Bc8 41. Be2
Be6 42. Bf1 Rd8 43. Be2 Qe7 44. Rd3 Re8 45. Bf3 Bf6 46. Qd2 Qc7 47. Qd1 Kg7 48.
Qd2 Qb6 49. Ne2 Qb4 50. Nc1 Re7 51. Na2 Qa3 52. Qc2 Bf7 53. Nc3 Qa1 54. Nd1 Bd4
55. Ne3 Be8 56. Qd1 Qxd1 57. Bxd1 b5 58. Nc2 Bf6 59. Bf3 bxa4 60. bxa4 Rb7 61.
Ra3 Rb2 62. Ne3 Bd4 63. Kf1 Kf6 64. Ke1 Ke7 65. Bd1 Rb4 66. Rb3 Bf7 67. Rxb4
cxb4 68. Bb3 Be6 69. Ke2 Kd6 70. Nd1 Kc5 71. Kd3 Bf7 72. Ba2 b3 73. Bxb3 Bf6 74.
Ne3 Kb4 75. Bc2 Bd8 76. Bd1 Bb6 77. Nc2+ Kxa4 78. Kc3 Bxf2 79. Nd4+ Ka3 80. Nxc6
Bxg3 81. Ne5 Be8 82. c5 a4 83. c6 Bxf4 84. Nc4+ Ka2 85. Bxa4 Bxc6 86. Bxc6 Bg3
87. Be8 Bxh4 88. Bxg6 Bf6+ 89. Kc2 h4 90. Bxf5 Bh8 91. Be6 Bg7 92. Bd7 Bf6 93.
Be6 1/2-1/2

[Event "Yinzhou Cup CHN-USA"]
[Site "Ningbo CHN"]
[Date "2013.07.20"]
[Round "2.5"]
[White "Ni, Viktorija"]
[Black "Wang, Jue"]
[Result "0-1"]
[WhiteTitle "WIM"]
[BlackTitle "WGM"]
[WhiteElo "2173"]
[BlackElo "2399"]
[WhiteTeam "USA"]
[BlackTeam "CHN"]
[WhiteFideId "11602252"]
[BlackFideId "8604070"]
[EventDate "2013.07.19"]

1. d4 Nf6 2. c4 g6 3. Nf3 Bg7 4. g3 O-O 5. Bg2 d6 6. Nc3 Nbd7 7. O-O e5 8. Re1
c6 9. Qc2 Re8 10. e4 exd4 11. Nxd4 Qb6 12. Nf3 Ng4 13. h3 Nge5 14. Be3 Qb4 15.
Nxe5 Nxe5 16. c5 dxc5 17. Na4 c4 18. Bc5 Qa5 19. Re3 b5 20. Nb6 axb6 21. Ra3
bxc5 22. Rxa5 Rxa5 23. f4 Nd3 24. e5 Bf5 25. Qc3 Ra6 26. a4 g5 27. Bxc6 Rxc6 28.
axb5 Rg6 29. Qxc4 gxf4 30. g4 Bxe5 0-1

[Event "Yinzhou Cup CHN-USA"]
[Site "Ningbo CHN"]
[Date "2013.07.21"]
[Round "3.4"]
[White "Lu, Shanglei"]
[Black "Lenderman, Aleksandr"]
[Result "1/2-1/2"]
[WhiteTitle "GM"]
[BlackTitle "GM"]
[WhiteElo "2536"]
[BlackElo "2548"]
[WhiteTeam "CHN"]
[BlackTeam "USA"]
[WhiteFideId "8603332"]
[BlackFideId "2021285"]
[EventDate "2013.07.19"]

1. e4 c6 2. Nc3 d5 3. Nf3 Nf6 4. Qe2 Bg4 5. exd5 Nxd5 6. h3 Bh5 7. d3 Nd7 8. Bd2
e6 9. g4 Bg6 10. Nxd5 cxd5 11. Bc3 Rc8 12. Bg2 Nf6 13. Kf1 Be7 14. h4 Nxg4 15.
h5 Bf5 16. h6 Rg8 17. hxg7 Nf6 18. Nd4 Bg6 19. Nxe6 fxe6 20. Bxf6 Kf7 21. Bc3
Bf6 22. Re1 Rc6 23. Bxf6 Qxf6 24. c4 dxc4 25. dxc4 Rd6 26. Rh3 Bf5 27. Rf3 Rgd8
28. Rg3 Kg8 29. Kg1 Rd2 30. Qf3 Qf7 31. b3 b6 32. Bh3 Bxh3 33. Qxf7+ Kxf7 34.
Rxh3 Rd1 35. Rxd1 Rxd1+ 36. Kg2 Kxg7 37. Rg3+ Kh8 38. Re3 Rd6 39. a4 Kg7 40.
Rg3+ Kf6 41. Rf3+ Kg7 42. Rg3+ Kf8 43. Rf3+ 1/2-1/2

[Event "Yinzhou Cup CHN-USA"]
[Site "Ningbo CHN"]
[Date "2013.07.21"]
[Round "3.3"]
[White "Ju, Wenjun"]
[Black "Zenyuk, Iryna"]
[Result "1-0"]
[WhiteTitle "WGM"]
[BlackTitle "CM"]
[WhiteElo "2531"]
[BlackElo "2250"]
[WhiteTeam "CHN"]
[BlackTeam "USA"]
[WhiteFideId "8603006"]
[BlackFideId "2022966"]
[EventDate "2013.07.19"]

1. d4 Nf6 2. c4 g6 3. g3 Bg7 4. Bg2 O-O 5. Nc3 d6 6. Nf3 Nc6 7. O-O Bf5 8. Nh4
Bd7 9. f4 Na5 10. e4 Nxc4 11. e5 dxe5 12. dxe5 Ng4 13. Qe2 Na5 14. b4 Nc6 15.
Rd1 Qc8 16. b5 Ncxe5 17. fxe5 Nxe5 18. Bf4 Bg4 19. Nf3 Nxf3+ 20. Bxf3 Bxf3 21.
Qxf3 e5 22. Bg5 f6 23. Be3 Qe6 24. Qxb7 a6 25. Qc6 Rae8 26. Rd7 Qxc6 27. bxc6 f5
28. Nd5 f4 29. Nxc7 Rc8 30. Bb6 Bf6 31. Rad1 fxg3 32. hxg3 e4 33. Re1 Bd8 34.
Rxe4 Bxc7 35. Rxc7 1-0

[Event "Yinzhou Cup CHN-USA"]
[Site "Ningbo CHN"]
[Date "2013.07.21"]
[Round "3.5"]
[White "Ding, Yixin"]
[Black "Ni, Viktorija"]
[Result "1/2-1/2"]
[WhiteTitle "WGM"]
[BlackTitle "WIM"]
[WhiteElo "2432"]
[BlackElo "2173"]
[WhiteTeam "CHN"]
[BlackTeam "USA"]
[WhiteFideId "8602972"]
[BlackFideId "11602252"]
[EventDate "2013.07.19"]

1. e4 c5 2. Nf3 e6 3. d4 cxd4 4. Nxd4 a6 5. Be2 Nf6 6. Nc3 Qc7 7. Be3 Bb4 8. O-O
Bxc3 9. bxc3 Nxe4 10. Bd3 Nf6 11. Qf3 d6 12. Bh6 O-O 13. Qg3 Ne8 14. Rae1 Kh8
15. Qh4 f5 16. Nxe6 Bxe6 17. Rxe6 Nc6 18. Bf4 Ne5 19. Bxe5 dxe5 20. Qg3 Qxc3 21.
Rxe5 Nd6 22. Qf4 Rf6 23. h3 Raf8 24. a4 h6 25. Rd5 Qc6 26. Qd4 Ne4 27. f3 Ng5
28. Rb1 Ne6 29. Qc4 Nf4 30. Qxc6 bxc6 31. Rd4 Nxd3 32. cxd3 Re8 33. Kf2 Rfe6 34.
Rb2 Re5 35. Rc2 R8e6 36. f4 Ra5 37. Re2 Rf6 38. Kf3 Rc5 39. g4 fxg4+ 40. hxg4
Rc3 41. f5 Rf8 42. Re7 h5 43. Rdd7 hxg4+ 44. Ke4 Rc5 45. Rxg7 Rfxf5 46. Rxg4
Rfe5+ 47. Kd4 Ra5 48. Rg6 Rh5 49. Rxc6 Rxa4+ 50. Kc3 Rg5 51. Kb3 Ra1 52. Kb2 Ra4
53. Kb3 Ra1 54. Rc8+ Rg8 55. Rxg8+ Kxg8 56. Kc4 Kf8 57. Ra7 Ke8 58. Kd5 Ra5+ 59.
Ke6 Kd8 60. d4 Rh5 61. Rg7 Rh6+ 62. Kd5 Kc8 63. Kc5 Rf6 64. Rh7 Rg6 65. d5 Rf6
66. d6 Rf1 67. Ra7 Rc1+ 68. Kd5 Rd1+ 69. Ke6 Re1+ 70. Kf7 Rd1 71. Ke7 Re1+ 72.
Kf8 1/2-1/2

[Event "Yinzhou Cup CHN-USA"]
[Site "Ningbo CHN"]
[Date "2013.07.22"]
[Round "4.2"]
[White "Guo, Qi"]
[Black "Foisor, Sabina-Francesca"]
[Result "1-0"]
[WhiteTitle "WGM"]
[BlackTitle "WGM"]
[WhiteElo "2446"]
[BlackElo "2281"]
[WhiteTeam "CHN"]
[BlackTeam "USA"]
[WhiteFideId "8604002"]
[BlackFideId "1212915"]
[EventDate "2013.07.19"]

1. d4 e6 2. c4 d5 3. Nc3 c6 4. e3 Bd6 5. Qc2 f5 6. Bd3 Nh6 7. h3 O-O 8. Nge2 Kh8
9. Bd2 dxc4 10. Bxc4 b5 11. Bd3 Na6 12. a3 e5 13. dxe5 Bxe5 14. O-O Nc5 15. Nc1
Nxd3 16. Nxd3 Bd6 17. Rfd1 Nf7 18. Ne2 Qe8 19. Bb4 a5 20. Bxd6 Nxd6 21. Nd4 Bd7
22. Nc5 Rc8 23. Nf3 Rf6 24. Ne5 Rc7 25. Ncxd7 Rxd7 26. Nxd7 Qxd7 27. Rac1 h6 28.
Qxc6 Qe7 29. Qc7 Qe5 30. Rc6 Nc4 31. Rxc4 Qxb2 32. Qd8+ Kh7 33. Rc8 Qxa3 34.
Qg8+ Kg6 35. Rc7 Kh5 36. Rxg7 1-0

[Event "Yinzhou Cup CHN-USA"]
[Site "Ningbo CHN"]
[Date "2013.07.22"]
[Round "4.3"]
[White "Zenyuk, Iryna"]
[Black "Wang, Jue"]
[Result "1/2-1/2"]
[WhiteTitle "CM"]
[BlackTitle "WGM"]
[WhiteElo "2250"]
[BlackElo "2399"]
[WhiteTeam "USA"]
[BlackTeam "CHN"]
[WhiteFideId "2022966"]
[BlackFideId "8604070"]
[EventDate "2013.07.19"]

1. d4 Nf6 2. c4 g6 3. Nc3 d5 4. e3 Bg7 5. Nf3 O-O 6. Be2 c5 7. dxc5 dxc4 8. O-O
Qa5 9. e4 Nc6 10. Bxc4 Qxc5 11. Qa4 Bg4 12. Be3 Qa5 13. Qxa5 Nxa5 14. Be2 Rfc8
15. h3 Be6 16. Bd4 Nc6 17. Be3 h6 18. Rfd1 a6 19. Nd4 Nxd4 20. Bxd4 Nd7 21. f4
b5 22. Bf3 Rab8 23. e5 b4 24. Nd5 Bxd5 25. Bxd5 e6 26. Bb3 Bf8 27. Kf2 Rc7 28.
Rac1 Rbc8 29. Rxc7 Rxc7 30. Ke3 Be7 31. g4 Kf8 32. Ke4 Nc5+ 33. Bxc5 Rxc5 34. f5
gxf5+ 35. gxf5 exf5+ 36. Kxf5 f6 37. Bd5 fxe5 38. Ke6 Bg5 39. Kxe5 Rc2 40. Rf1+
Kg7 41. Rf7+ Kg6 42. Ra7 Re2+ 43. Be4+ Kh5 44. Kd5 Kh4 45. Bf5 Bf6 46. Bc8 a5
47. Ra6 Kg5 48. Bg4 Re5+ 49. Kc4 Bg7 50. Kb3 h5 51. Be6 Re3+ 52. Ka4 Bxb2 53.
Rxa5+ Kf6 54. Bc8 Rc3 55. Bd7 Rd3 56. Bc8 Rd8 57. Rc5 1/2-1/2

[Event "Yinzhou Cup CHN-USA"]
[Site "Ningbo CHN"]
[Date "2013.07.22"]
[Round "4.5"]
[White "Tan, Zhongyi"]
[Black "Ni, Viktorija"]
[Result "1/2-1/2"]
[WhiteTitle "WGM"]
[BlackTitle "WIM"]
[WhiteElo "2478"]
[BlackElo "2173"]
[WhiteTeam "CHN"]
[BlackTeam "USA"]
[WhiteFideId "8603642"]
[BlackFideId "11602252"]
[EventDate "2013.07.19"]

1. d4 Nf6 2. c4 g6 3. g3 Bg7 4. Bg2 O-O 5. Nc3 d6 6. Nf3 Nc6 7. O-O a6 8. b3 Bd7
9. Bb2 Rb8 10. Rc1 Re8 11. h3 b5 12. cxb5 axb5 13. Ne1 b4 14. Nb1 Rb6 15. Nd3
Qb8 16. Nd2 Na5 17. Qc2 Rc8 18. e4 Bb5 19. e5 dxe5 20. dxe5 Rd8 21. Nc4 Ne8 22.
Nf4 Bxc4 23. bxc4 b3 24. axb3 Rxb3 25. Bc3 Nxc4 26. Bd5 Rxc3 27. Qxc3 Nxe5 28.
Rb1 Qc8 29. Rfe1 c6 30. Ba2 Rd3 31. Qc5 Rd2 32. Qa5 Nf3+ 33. Kf1 e5 34. Qa7 Rxa2
35. Qxa2 exf4 36. Re7 Qxh3+ 37. Ke2 Nd4+ 38. Kd2 Nf3+ 39. Ke2 Nd4+ 40. Kd2 Nf3+
41. Ke2 Nd4+ 42. Kd2 Nf3+ 1/2-1/2

[Event "Yinzhou Cup CHN-USA"]
[Site "Ningbo CHN"]
[Date "2013.07.23"]
[Round "5.1"]
[White "Wang, Jue"]
[Black "Abrahamyan, Tatev"]
[Result "0-1"]
[WhiteTitle "WGM"]
[BlackTitle "WGM"]
[WhiteElo "2399"]
[BlackElo "2316"]
[WhiteTeam "CHN"]
[BlackTeam "USA"]
[WhiteFideId "8604070"]
[BlackFideId "13301918"]
[EventDate "2013.07.19"]

1. e4 e6 2. d4 d5 3. Nc3 Bb4 4. e5 Ne7 5. a3 Bxc3+ 6. bxc3 c5 7. Qg4 O-O 8. Bd3
Nbc6 9. Qh5 Ng6 10. Nf3 Qc7 11. Be3 c4 12. Bxg6 fxg6 13. Qg4 Qf7 14. Ng5 Qe8 15.
h4 Bd7 16. a4 a5 17. Bc1 h6 18. Nh3 Ne7 19. Ba3 Rf7 20. Kd2 Bxa4 21. Qe2 b5 22.
Bc5 Rb8 23. g4 b4 24. Qe3 Qb5 25. Rhb1 Nc6 26. Kc1 b3 27. Rb2 Nb4 28. Bxb4 axb4
29. Kd2 Rc8 30. f4 Rcf8 31. Rf1 bxc3+ 32. Qxc3 Qd7 33. f5 gxf5 34. g5 f4 35.
gxh6 gxh6 36. Rg1+ Rg7 37. Rbb1 Kh8 38. Rxg7 Qxg7 39. Rg1 Qh7 40. cxb3 Bxb3 41.
Nf2 Qf5 42. h5 Qxh5 43. Rh1 Qg5 44. Qf3 Qg6 45. Kc3 Qc2+ 46. Kb4 Qd2+ 47. Kc5
Qa5+ 48. Kd6 Qb6+ 49. Ke7 Qd8+ 50. Kxe6 Qc8+ 51. Kd6 Rd8+ 52. Ke7 Re8+ 0-1

[Event "Yinzhou Cup CHN-USA"]
[Site "Ningbo CHN"]
[Date "2013.07.23"]
[Round "5.3"]
[White "Zenyuk, Iryna"]
[Black "Tan, Zhongyi"]
[Result "1/2-1/2"]
[WhiteTitle "CM"]
[BlackTitle "WGM"]
[WhiteElo "2250"]
[BlackElo "2478"]
[WhiteTeam "USA"]
[BlackTeam "CHN"]
[WhiteFideId "2022966"]
[BlackFideId "8603642"]
[EventDate "2013.07.19"]

1. d4 d5 2. c4 e6 3. Nc3 Bb4 4. Nf3 Nf6 5. e3 O-O 6. Bd3 c5 7. O-O b6 8. a3 Bxc3
9. bxc3 Ba6 10. cxd5 exd5 11. dxc5 bxc5 12. Bxa6 Nxa6 13. c4 dxc4 14. Qa4 Nc7
15. Qxc4 Qd5 16. Qc2 Ne6 17. Bb2 Qe4 18. Rfc1 Qxc2 19. Rxc2 Nd7 20. Ne5 Nxe5 21.
Bxe5 f6 22. Bg3 Rfd8 23. Rc3 Rd2 24. Rb1 Rad8 25. h4 Rd1+ 26. Rxd1 Rxd1+ 27. Kh2
Kf7 28. Rc4 Ke7 29. Ra4 Rd7 30. Kg1 Rb7 31. Kf1 Nf8 32. Re4+ Kd7 33. Ke2 Kc6 34.
Kd2 Nd7 35. Re7 Nb6 36. Rxb7 Kxb7 37. Kc3 Kc6 38. e4 Kb5 39. Bd6 a5 40. Bf8 g6
41. g4 h5 42. gxh5 gxh5 43. f4 Kc6 44. Kd3 Nd7 45. Be7 Kb5 46. Kc3 Kc6 47. a4
Nb6 48. Bxf6 Nxa4+ 49. Kc2 Nb6 50. f5 Nc4 51. Bc3 Kd6 52. Kb3 Ne5 53. Bxa5 Nf3
54. Kc4 Nxh4 55. Bb6 Ke5 56. Kxc5 Kxe4 57. f6 Ng6 58. Kd6 Kf5 59. f7 Kf6 60.
Bd8+ Kxf7 61. Kd5 Ne7+ 62. Bxe7 1/2-1/2

[Event "Yinzhou Cup CHN-USA"]
[Site "Ningbo CHN"]
[Date "2013.07.23"]
[Round "5.5"]
[White "Ni, Viktorija"]
[Black "Ju, Wenjun"]
[Result "0-1"]
[WhiteTitle "WIM"]
[BlackTitle "WGM"]
[WhiteElo "2173"]
[BlackElo "2531"]
[WhiteTeam "USA"]
[BlackTeam "CHN"]
[WhiteFideId "11602252"]
[BlackFideId "8603006"]
[EventDate "2013.07.19"]

1. d4 f5 2. Nc3 Nf6 3. Bg5 d5 4. Bxf6 exf6 5. e3 Be6 6. Qf3 Qd7 7. Bb5 c6 8. Bd3
Bd6 9. Nge2 g6 10. h4 h5 11. Nf4 Bf7 12. Qe2 Qc7 13. O-O-O Nd7 14. g4 hxg4 15.
h5 gxh5 16. Bxf5 O-O-O 17. Ne6 Bxe6 18. Bxe6 Kb8 19. Bf7 Nb6 20. Bxh5 Nc4 21.
Rdg1 Qa5 22. Qd3 g3 23. fxg3 Bb4 24. Nb1 Qxa2 25. Qb3 Qxb3 26. cxb3 Nxe3 27. g4
Rdg8 28. Nc3 Nxg4 29. Rf1 Rg5 30. Bf7 Rxh1 31. Rxh1 Rg7 32. Be6 Nf2 33. Rh8+ Kc7
34. Ne2 Re7 35. Rc8+ Kb6 0-1